1607 1928 1467 1201 1151 1476 1047 1371 1175 1371 1297 1150 1179 1698 1791 1253 1688 1736 1368 1728 1461 1259 1651 1638 1162 1784 1338 1050 1754 1873 1389 1943 1307 1230 1616 1195 1162 1585 1084 1638 1231 1707 1355 1087 1506 1654 1086 1972 1275 1069 1160 1968 1720 1134 1776 1051 1194 1577 1515 1659 1623 1916 1909 1103 1088 1074 1438 1571 1596 1962 1478 1378 1772 1222 1619 1308 1194 1951 1111 1287 1226 1448 1404 1823 1725 1372 1798 1876 1706 1857 1979 1566 1389 1275 1571 1700 1924 1462 1167 BCNSPRNW ULIB Ver.6.0+V

เปลี่ยนเป็นภาษาไทย

Change to English
 แสดงรายละเอียดบรรณานุกรม
  กลับหน้าหลัก

Brief Record : Get Marc (ISO 2709) : E-mail record : QR code < ปิดหน้าต่าง
LEADER : 00000nam 2200000uu 4500
001    13399121092
003     ULIB
008    110627s1999||||th 000 0 eng d
020    0439064864
090    นว.^bR884H ล.4
100 0  Rowling J.K.
245 00 Harry potter and the Chamber of Secrets/^cRowling J.K.
250    พิมพ์ครั้งที่ 1
260    New York :^bA.A. Levine Books,^c1999
300    341 หน้า
710 1  A.A. Levine Books
945    ^p0^l0^i021841
995    ทศพร
999 ^a ใช้งานได้ทุกระบบ
รายการนี้ยังไม่มีแท็ก
คุณยังไม่ได้ล็อกอิน คุณสามารถมีกิจกรรมร่วมกับเว็บไซต์ได้ แต่ต้องล็อกอินก่อน ::
  ล็อกอิน

รายการสื่อสารสนเทศ

ลำดับที่ ประเภท เลขเรียก/บาร์โค้ด สถานที่ สถานะ
1. วิทยาศาสตร์การแพทย์ และสุขภาพ
วิทยาศาสตร์การแพทย์ และสุขภาพ
นว. R884H ล.4 C.1 
  Barcode: 021841
ห้องสมุดวิทยาเขตสวรรค์ประชารักษ์
►หนังสือทั่วไป
บนชั้น

รายการใกล้เคียง
    ผู้แต่ง [Rowling J.K.]

BibComment


ยังไม่เคยถูกคอมเมนท์

คอมเมนท์ทรัพยากรรายการนี้
  คอมเมนท์: Harry potter and ..


 Copyright 2026. Bcnsprnw @Library